1, 2 , 3 czy 4? - Statystyki

Ogólne statystyki
  • Ten quiz został rozwiązany 4 462 razy
  • Średni wynik to 9 z 15
Statystyki odpowiedzi
Zagadnienie Odpowiedź % Poprawnych
Która liczba ma więcej niż dwa dzielniki? 4
89%
Ile było papieży Polaków 1
87%
Ile miesięcy ma dokładnie 30 dni? 4
87%
Ile bramek musi strzelić zawodnik, aby mieć „hat-tricka”? 3
84%
Ile było rozbiorów Polski 3
84%
Ile państw ma granicę lądową ze Stanami Zjednoczonymi? 2
82%
Ilu będzie Jeźdźców Apokalipsy? 4
67%
Ilu przywódców miała Korea Północna? 3
63%
Ile państw zaczyna się na literę Z? 3
59%
Ile stolic ma Republika Południowej Afryki? 3
55%
Według „Nocy trzech psów” jaka jest najbardziej samotna liczba? 1
49%
Jaka jest liczba atomowa litu? 3
42%
Która liczba jest uważana w Chinach za pechową? 4
35%
Ile uderzeń występuje w takcie w czasie zwykłym? 4
29%
Która krucjata najskuteczniej osiągnęła założone cele? 1
23%
Nie znaleziono quizów pasujących do podanych kryteriów
Rozkład punktacji
Procent ludzi z każdym wynikiem
Percentyl według liczby udzielonych odpowiedzi
Twoja historia wyników
Nie rozwiązałeś tego quizu